[Event "GBR-ch108 Senior 50+"]
[Site "Torquay"]
[Date "2022.08.13"]
[Round "6.19"]
[White "Barton, R Alan"]
[Black "Bolt, Graham"]
[Result "0-1"]
[WhiteElo "1926"]
[BlackElo "1951"]
[PlyCount "154"]
[EventDate "2022.08.08"]
[EventType "swiss"]
[EventRounds "7"]
[EventCountry "GBR"]

1. d4 g6 2. Nf3 Bg7 3. c4 d6 4. Nc3 e6 5. e4 Ne7 6. Be3 Nd7 7. Be2 b6 8. Qd2 h6
9. O-O Bb7 10. Ne1 h5 11. f4 Nf6 12. d5 exd5 13. cxd5 O-O 14. h3 Qd7 15. Nf3
Rfe8 16. Bd4 a6 17. Bd3 b5 18. a3 c5 19. dxc6 Nxc6 20. Bf2 Na5 21. Rae1 Rac8
22. Nd4 Nc4 23. Bxc4 Rxc4 24. Qd3 Rcc8 25. Bh4 Qc7 26. f5 Nd7 27. fxg6 fxg6 28.
Kh1 Nc5 29. Qd1 Nxe4 30. Nxe4 Bxe4 31. Bg3 Qc4 32. Nf3 d5 33. Ng5 Qd3 34. Qxd3
Bxd3 35. Rxe8+ Rxe8 36. Rd1 Bc4 37. Rd2 Re2 38. Rxe2 Bxe2 39. b4 Bb2 40. Be1
Bxa3 41. Bc3 a5 42. bxa5 b4 43. Bd4 b3 44. Ne6 b2 45. Bxb2 Bxb2 46. Nf4 Bc4 47.
Nxg6 Kf7 48. Nf4 h4 49. a6 Bd4 50. g3 hxg3 51. Kg2 Kf6 52. Kxg3 Ba7 53. Kf3 Kf5
54. h4 d4 55. h5 Bxa6 56. h6 Bb7+ 57. Ke2 Kxf4 58. h7 d3+ 59. Kxd3 Be4+ 60. Kc4
Bxh7 61. Kd5 Be4+ 62. Ke6 Bd4 63. Kd6 Kf5 64. Ke7 Bc5+ 65. Kd7 Bd5 66. Kc8 Ke6
67. Kc7 Bf2 68. Kc8 Bg3 69. Kd8 Bb7 70. Ke8 Bc7 71. Kf8 Kf6 72. Ke8 Bc6+ 73.
Kf8 Bd6+ 74. Kg8 Kg6 75. Kh8 Ba4 76. Kg8 Bb3+ 77. Kh8 Be5# 0-1

[Event "GBR-ch108 Senior 50+"]
[Site "Torquay"]
[Date "2022.08.13"]
[Round "6.20"]
[White "Wilson, Matthew R"]
[Black "Kenning, Paul H"]
[Result "0-1"]
[WhiteElo "1743"]
[BlackElo "1772"]
[PlyCount "80"]
[EventDate "2022.08.08"]
[EventType "swiss"]
[EventRounds "7"]
[EventCountry "GBR"]

1. e4 d6 2. Nc3 Nf6 3. f4 e5 4. Nf3 Nbd7 5. Be2 Be7 6. O-O c6 7. a4 a5 8. d3
Qc7 9. Kh1 Nc5 10. b3 h6 11. Qe1 b6 12. fxe5 dxe5 13. Nh4 g6 14. Qg3 Be6 15.
Be3 Ncd7 16. Rad1 O-O-O 17. Nf3 Bb4 18. Na2 Bd6 19. Nc3 Bb4 20. Nb1 Nh5 21. Qf2
Nhf6 22. h3 Bd6 23. Nbd2 Nh5 24. Nc4 Bxc4 25. bxc4 Nc5 26. Nd2 Nf4 27. Bg4+ Kb7
28. Ra1 h5 29. Bf3 g5 30. Bd1 Rdg8 31. g3 Qd7 32. Bxf4 gxf4 33. gxf4 exf4 34.
Qh4 Rg3 35. Bg4 hxg4 36. Qxh8 Rxh3+ 37. Qxh3 gxh3 38. Nf3 Qg4 39. Rf2 Qg3 40.
Raf1 Ne6 0-1

[Event "GBR-ch108 Senior 50+"]
[Site "Torquay"]
[Date "2022.08.14"]
[Round "7.1"]
[White "Duncan, Chris R"]
[Black "Townsend, M Paul"]
[Result "1-0"]
[WhiteElo "2178"]
[BlackElo "2177"]
[PlyCount "51"]
[EventDate "2022.08.08"]
[EventType "swiss"]
[EventRounds "7"]
[EventCountry "GBR"]

1. Nf3 Nf6 2. c4 e6 3. Nc3 d5 4. d4 Be7 5. Bf4 O-O 6. e3 Nbd7 7. c5 c6 8. Bd3
b6 9. b4 a5 10. a3 Ba6 11. O-O Qc8 12. h3 Qb7 13. Rb1 axb4 14. axb4 Bxd3 15.
Qxd3 Ra3 16. Ra1 Rfa8 17. Rxa3 Rxa3 18. Qc2 b5 19. Nd2 Bd8 20. Re1 Bc7 21. Nxb5
Qxb5 22. Bxc7 Qxb4 23. Rb1 Qc3 24. Qxc3 Rxc3 25. Nb3 Ne8 26. Bg3 1-0

[Event "GBR-ch108 Senior 50+"]
[Site "Torquay"]
[Date "2022.08.14"]
[Round "7.2"]
[White "Dargan, Paul AG"]
[Black "Crocker, Philip J"]
[Result "0-1"]
[WhiteElo "2056"]
[BlackElo "2107"]
[PlyCount "62"]
[EventDate "2022.08.08"]
[EventType "swiss"]
[EventRounds "7"]
[EventCountry "GBR"]

1. e4 d6 2. d4 Nf6 3. Nc3 g6 4. Bg5 c6 5. f4 Bg7 6. Qd2 b5 7. Bd3 O-O 8. Nf3
Bg4 9. O-O Qb6 10. Ne2 c5 11. e5 d5 12. Ng3 c4 13. Be2 Ne4 14. Nxe4 dxe4 15.
Bxe7 exf3 16. Bxf3 Bxf3 17. Bxf8 Bxf8 18. Rxf3 Nc6 19. c3 Rd8 20. Qf2 Ne7 21.
g4 f5 22. exf6 Qxf6 23. Re1 Nd5 24. f5 Bd6 25. fxg6 Qxg6 26. h3 Re8 27. Rxe8+
Qxe8 28. Qh4 Bf4 29. g5 Qe4 30. Qg4 Qe1+ 31. Rf1 Qxf1+ 0-1

[Event "GBR-ch108 Senior 50+"]
[Site "Torquay"]
[Date "2022.08.14"]
[Round "7.3"]
[White "Motwani, Paul"]
[Black "Moyse, Nigel J"]
[Result "1-0"]
[WhiteElo "2420"]
[BlackElo "1976"]
[PlyCount "91"]
[EventDate "2022.08.08"]
[EventType "swiss"]
[EventRounds "7"]
[EventCountry "GBR"]

1. d4 d6 2. e4 Nf6 3. Nc3 g6 4. f4 Bg7 5. Nf3 c5 6. e5 Nfd7 7. exd6 cxd4 8.
Nxd4 Qb6 9. Ndb5 Bxc3+ 10. Nxc3 O-O 11. b3 Nf6 12. Bb2 Rd8 13. Na4 Qb4+ 14. Qd2
Qxd2+ 15. Kxd2 Ne4+ 16. Ke3 Nxd6 17. Be2 Bd7 18. Nc3 Nc6 19. a3 Nf5+ 20. Kf2
Ncd4 21. Bd3 Bc6 22. Rhd1 h5 23. Ne2 Nxe2 24. Bxe2 Rac8 25. Rxd8+ Rxd8 26. Rd1
Rxd1 27. Bxd1 Kf8 28. g3 Ke8 29. h3 Nd6 30. g4 hxg4 31. hxg4 Kd7 32. Ke3 f5 33.
g5 Nf7 34. c4 Kd6 35. b4 e5 36. Bb3 exf4+ 37. Kxf4 Ke6 38. Bd4 a6 39. a4 Be4
40. b5 axb5 41. axb5 Bg2 42. Bf6 Be4 43. b6 Kd7 44. c5 Nd8 45. Bxd8 Kxd8 46.
Bf7 1-0

[Event "GBR-ch108 Senior 50+"]
[Site "Torquay"]
[Date "2022.08.14"]
[Round "7.4"]
[White "Frostick, Clive A"]
[Black "Willmoth, Robert F"]
[Result "0-1"]
[WhiteElo "2137"]
[BlackElo "2117"]
[PlyCount "78"]
[EventDate "2022.08.08"]
[EventType "swiss"]
[EventRounds "7"]
[EventCountry "GBR"]

1. e4 d6 2. d4 Nf6 3. Nc3 g6 4. Be3 c6 5. h3 Nbd7 6. Nf3 e5 7. Qd2 Bg7 8. dxe5
dxe5 9. Bh6 O-O 10. Bxg7 Kxg7 11. a3 Qe7 12. Bc4 b5 13. Be2 a5 14. O-O Bb7 15.
Qe3 Rfe8 16. Nd2 Rad8 17. Rfd1 Nc5 18. a4 b4 19. Na2 Nxa4 20. b3 Nc5 21. Nc1
Rd4 22. f3 Ra8 23. Nd3 a4 24. bxa4 Nxa4 25. Nb3 Rc4 26. Rxa4 Rxa4 27. Nb2 Rc3
28. Bd3 Ra2 29. Rb1 Ba6 30. Nd1 Rcxc2 31. Bxc2 Rxc2 32. Qb6 Bb5 33. Ne3 Rc3 34.
Nd1 Rc2 35. Ne3 Ra2 36. Rd1 Ra3 37. Rb1 Nd7 38. Qc7 Qe6 39. Ng4 h5 0-1

[Event "GBR-ch108 Senior 50+"]
[Site "Torquay"]
[Date "2022.08.14"]
[Round "7.5"]
[White "Homer, Stephen J"]
[Black "Mason, Donald J"]
[Result "1-0"]
[WhiteElo "1932"]
[BlackElo "2104"]
[PlyCount "113"]
[EventDate "2022.08.08"]
[EventType "swiss"]
[EventRounds "7"]
[EventCountry "GBR"]

1. e4 e5 2. Nf3 Nc6 3. Bb5 a6 4. Ba4 Nf6 5. O-O Be7 6. Re1 b5 7. Bb3 d6 8. c3
O-O 9. h3 Nb8 10. d4 Nbd7 11. Nbd2 Bb7 12. Bc2 Re8 13. Nf1 Bf8 14. Ng3 g6 15.
a4 c5 16. d5 c4 17. Bg5 Nc5 18. Qd2 Be7 19. Be3 Nfd7 20. Nh2 Nb6 21. Bxc5 dxc5
22. Nf3 Qd6 23. h4 Reb8 24. h5 Bc8 25. hxg6 hxg6 26. a5 Nd7 27. Kf1 Kg7 28. Ke2
Bb7 29. Nh2 Rh8 30. Ng4 Rh4 31. Rh1 Rah8 32. Rxh4 Rxh4 33. f3 Nf8 34. Ne3 Bc8
35. Kf2 Nh7 36. Qe2 Bg5 37. Ngf1 Rh1 38. Rd1 Bd8 39. g3 Bxa5 40. Kg2 Rh6 41.
Nh2 Bd8 42. Nhg4 Rh5 43. Rf1 f5 44. exf5 gxf5 45. Nxe5 Qxe5 46. f4 Qe7 47. Qxh5
Qxe3 48. Bxf5 Qd2+ 49. Kh3 Bxf5+ 50. Qxf5 Nf6 51. Qe5 Kg6 52. Re1 Nxd5 53. Qe8+
Kg7 54. Qd7+ Kg6 55. f5+ Kh5 56. Qh7+ Qh6 57. Qf7+ 1-0

[Event "GBR-ch108 Senior 50+"]
[Site "Torquay"]
[Date "2022.08.14"]
[Round "7.8"]
[White "Kirby, Peter J"]
[Black "Dilleigh, Stephen P"]
[Result "1/2-1/2"]
[WhiteElo "2000"]
[BlackElo "2040"]
[PlyCount "31"]
[EventDate "2022.08.08"]
[EventType "swiss"]
[EventRounds "7"]
[EventCountry "GBR"]

1. d4 d5 2. c4 e6 3. Nc3 Nf6 4. cxd5 exd5 5. Bg5 c6 6. e3 Be7 7. Bd3 Nbd7 8.
Nf3 Ne4 9. Bf4 Ndf6 10. Ne5 O-O 11. O-O Bd6 12. h3 Qe7 13. Bh2 Nd7 14. Nxd7
Bxh2+ 15. Kxh2 Bxd7 16. Bxe4 1/2-1/2

[Event "GBR-ch108 Senior 50+"]
[Site "Torquay"]
[Date "2022.08.14"]
[Round "7.9"]
[White "Baer, Bruce L"]
[Black "Kennedy, Craig"]
[Result "1-0"]
[WhiteElo "1997"]
[BlackElo "1873"]
[PlyCount "78"]
[EventDate "2022.08.08"]
[EventType "swiss"]
[EventRounds "7"]
[EventCountry "GBR"]

1. Nf3 d5 2. g3 Nd7 3. Bg2 e5 4. d3 Ngf6 5. O-O c6 6. e4 dxe4 7. dxe4 Bc5 8.
Qe2 O-O 9. h3 Re8 10. Nh4 Nf8 11. c3 a5 12. Nd2 b5 13. Rd1 Qc7 14. g4 Ne6 15.
Nf1 b4 16. g5 Nd7 17. Nf5 Ba6 18. Qf3 Ndf8 19. N1g3 Ng6 20. Nh5 Rad8 21. Be3
Bxe3 22. fxe3 Nxg5 23. Qg4 Ne6 24. Bf1 Bxf1 25. Rxf1 Rd2 26. cxb4 axb4 27.
Nhxg7 Nxg7 28. Nh6+ Kf8 29. Rxf7+ Qxf7 30. Nxf7 Kxf7 31. h4 Ne6 32. h5 Ne7 33.
Rf1+ Nf4 34. Qh4 Rg8+ 35. Kh1 Nf5 36. exf5 Ne2 37. Qc4+ Kg7 38. Rf2 Rd1+ 39.
Kg2 Kh6+ 1-0

[Event "GBR-ch108 Senior 50+"]
[Site "Torquay"]
[Date "2022.08.14"]
[Round "7.10"]
[White "Shepley, Julien M"]
[Black "Goater, Kevin P"]
[Result "1/2-1/2"]
[WhiteElo "1857"]
[BlackElo "2065"]
[PlyCount "113"]
[EventDate "2022.08.08"]
[EventType "swiss"]
[EventRounds "7"]
[EventCountry "GBR"]

1. e4 c6 2. d4 d5 3. exd5 cxd5 4. Nf3 Nc6 5. Ne5 Nf6 6. Bb5 Bd7 7. Nxd7 Qxd7 8.
c3 a6 9. Bd3 e6 10. O-O Bd6 11. Nd2 Qc7 12. g3 Ne7 13. Re1 h5 14. Nf3 Ng4 15.
Qe2 g6 16. Ne5 Bxe5 17. dxe5 Nc6 18. Bf4 O-O-O 19. h4 Nh6 20. b4 Nf5 21. b5
axb5 22. Bxb5 Qa5 23. Rab1 Kc7 24. Rec1 Ra8 25. a4 Rab8 26. Qb2 Qa7 27. Qa3
Rhc8 28. Bd3 Rd8 29. Bxf5 gxf5 30. Be3 b6 31. Rb5 Na5 32. Bd4 Nc4 33. Qb4 Kd7
34. Rb1 Ke8 35. Bxb6 Rxb6 36. Rxb6 Nxb6 37. Qxb6 Qxa4 38. Qc7 Qd7 39. Rb7 Qxc7
40. Rxc7 Kf8 41. f4 Ra8 42. Kf2 Ra2+ 43. Ke3 Rc2 44. Rc5 Kg7 45. Rc7 Rg2 46.
Kf3 Rc2 47. Ke3 Ra2 48. Rb7 Ra4 49. Kd3 Ra1 50. Ke3 Re1+ 51. Kf2 Rc1 52. Rb3
Rc2+ 53. Ke3 Kg6 54. Ra3 Rb2 55. Kd4 Rd2+ 56. Ke3 Rb2 57. Kd4 1/2-1/2

[Event "GBR-ch108 Senior 50+"]
[Site "Torquay"]
[Date "2022.08.14"]
[Round "7.11"]
[White "Wilson, Edgar"]
[Black "Bass, John W"]
[Result "1/2-1/2"]
[WhiteElo "1854"]
[BlackElo "1996"]
[PlyCount "68"]
[EventDate "2022.08.08"]
[EventType "swiss"]
[EventRounds "7"]
[EventCountry "GBR"]

1. e4 e6 2. d4 d5 3. Nc3 Nf6 4. Bg5 Be7 5. e5 Nfd7 6. h4 Bxg5 7. hxg5 Qxg5 8.
Nh3 Qe7 9. Bd3 Nf8 10. Qg4 Ng6 11. O-O-O Nc6 12. Ng5 Nf8 13. Nxh7 Nxh7 14. Qxg7
Qf8 15. Qxf8+ Kxf8 16. Rxh7 Rxh7 17. Bxh7 Kg7 18. Bd3 Nxd4 19. Bb5 Nxb5 20.
Nxb5 Bd7 21. Nc3 c5 22. Ne4 b6 23. Nf6 Bc6 24. Rd3 Rh8 25. Kd2 Kg6 26. f4 Kf5
27. Rf3 Rh2 28. Rf2 Kg6 29. c3 d4 30. cxd4 cxd4 31. Kd3 Rxg2 32. Rxg2+ Bxg2 33.
Kxd4 Kf5 34. Ke3 Bc6 1/2-1/2

[Event "GBR-ch108 Senior 50+"]
[Site "Torquay"]
[Date "2022.08.14"]
[Round "7.13"]
[White "Mueller, Jens"]
[Black "Handley, Michael R"]
[Result "1/2-1/2"]
[WhiteElo "1879"]
[BlackElo "1975"]
[PlyCount "32"]
[EventDate "2022.08.08"]
[EventType "swiss"]
[EventRounds "7"]
[EventCountry "GBR"]

1. d4 Nf6 2. Bf4 d5 3. e3 e6 4. Nd2 Bd6 5. Bg3 O-O 6. Ngf3 b6 7. Ne5 Ne4 8. Bd3
Bb7 9. Qh5 Nd7 10. Nxd7 Qxd7 11. f3 g6 12. Qh3 Nxd2 13. Kxd2 a5 14. c3 Ba6 15.
Bxa6 Rxa6 16. Bxd6 Qxd6 1/2-1/2

[Event "GBR-ch108 Senior 50+"]
[Site "Torquay"]
[Date "2022.08.14"]
[Round "7.14"]
[White "Bolt, Graham"]
[Black "Miller, George I"]
[Result "1/2-1/2"]
[WhiteElo "1951"]
[BlackElo "1768"]
[PlyCount "99"]
[EventDate "2022.08.08"]
[EventType "swiss"]
[EventRounds "7"]
[EventCountry "GBR"]

1. Nf3 c5 2. g3 Nc6 3. Bg2 g6 4. O-O Bg7 5. e4 e5 6. d3 Nge7 7. c3 O-O 8. Nbd2
d5 9. Qc2 Rb8 10. a3 h6 11. Rb1 b6 12. Re1 d4 13. b4 Be6 14. c4 Qd6 15. b5 Na5
16. Nf1 Kh7 17. Bd2 Nb7 18. h3 f6 19. Kh2 h5 20. a4 Bh6 21. Bxh6 Kxh6 22. N1d2
Na5 23. Nb3 Nxb3 24. Rxb3 Qd7 25. Ra3 g5 26. Ng1 Ng6 27. a5 h4 28. axb6 axb6
29. Rea1 Rb7 30. Qd2 Kg7 31. g4 Nf4 32. f3 Rc8 33. Bf1 Rcc7 34. R1a2 Ra7 35.
Qd1 Qf7 36. Qa1 Rxa3 37. Rxa3 Bc8 38. Ne2 Nxe2 39. Bxe2 Rb7 40. Ra8 Qc7 41. Kg2
Kf7 42. Kf2 Ke6 43. Ke1 Kd6 44. Bf1 Rb8 45. Ra7 Rb7 46. Ra3 Rb8 47. Qa2 Bb7 48.
Bg2 Qc8 49. Ra7 Ra8 50. Rxa8 1/2-1/2

[Event "GBR-ch108 Senior 50+"]
[Site "Torquay"]
[Date "2022.08.14"]
[Round "7.15"]
[White "Kalerwa, Edwin M"]
[Black "Littlejohns, David P"]
[Result "1-0"]
[WhiteElo "1653"]
[BlackElo "1943"]
[PlyCount "53"]
[EventDate "2022.08.08"]
[EventType "swiss"]
[EventRounds "7"]
[EventCountry "GBR"]

1. Nf3 Nf6 2. d4 d5 3. c4 c6 4. Qb3 Qb6 5. Nc3 Qxb3 6. axb3 Bf5 7. Bg5 Ne4 8.
Nxe4 dxe4 9. Nd2 e6 10. c5 h6 11. Bf4 Na6 12. Ra4 Be7 13. e3 Nb8 14. Bxb8 Rxb8
15. Rxa7 b6 16. b4 e5 17. Nc4 exd4 18. exd4 b5 19. Ne5 Rc8 20. Be2 Be6 21. f4
Bd5 22. Bg4 Rb8 23. Bd7+ Kf8 24. Bxc6 Be6 25. Bxe4 Bf6 26. d5 Bxe5 27. fxe5 1-0

[Event "GBR-ch108 Senior 50+"]
[Site "Torquay"]
[Date "2022.08.14"]
[Round "7.16"]
[White "McCarron, Peter DJ"]
[Black "Patrick, David A"]
[Result "1-0"]
[WhiteElo "1616"]
[BlackElo "1803"]
[PlyCount "107"]
[EventDate "2022.08.08"]
[EventType "swiss"]
[EventRounds "7"]
[EventCountry "GBR"]

1. e4 e6 2. d3 c5 3. g3 Nc6 4. Bg2 g6 5. c4 Bg7 6. Ne2 Nge7 7. Nbc3 a6 8. Be3
Nd4 9. Rb1 Nec6 10. O-O O-O 11. a3 d6 12. b4 Bd7 13. Qd2 Nxe2+ 14. Nxe2 Nd4 15.
bxc5 dxc5 16. Bxd4 cxd4 17. Rxb7 Bc6 18. Rb2 Qc7 19. Rfb1 Rfb8 20. f4 Rxb2 21.
Qxb2 e5 22. Qb6 Qxb6 23. Rxb6 Ba4 24. fxe5 Bxe5 25. Rb2 g5 26. Kf2 Kf8 27. Ng1
Rb8 28. Rxb8+ Bxb8 29. Nf3 h6 30. Ke2 Ba7 31. Bh3 Bc5 32. Bc8 a5 33. Ba6 Ke7
34. Bb5 Bxb5 35. cxb5 a4 36. Kd2 Kd6 37. Kc2 g4 38. Nd2 f6 39. Nc4+ Kc7 40. Nb2
Bxa3 41. Nxa4 Bb4 42. Kd1 h5 43. Ke2 h4 44. gxh4 Bd6 45. h5 Bf4 46. Nc5 Kb6 47.
Nd7+ Kxb5 48. Nxf6 Bxh2 49. Nxg4 Bd6 50. e5 Bf8 51. Kf3 Kc5 52. Ke4 Bg7 53. h6
Bh8 54. h7 1-0

[Event "GBR-ch108 Senior 50+"]
[Site "Torquay"]
[Date "2022.08.14"]
[Round "7.17"]
[White "Kenning, Paul H"]
[Black "Cresswell, Mike J"]
[Result "1-0"]
[WhiteElo "1772"]
[BlackElo "1606"]
[PlyCount "37"]
[EventDate "2022.08.08"]
[EventType "swiss"]
[EventRounds "7"]
[EventCountry "GBR"]

1. d4 Nf6 2. Bf4 g6 3. Nc3 d6 4. e4 Bg7 5. Qd2 Nc6 6. Nf3 Bg4 7. O-O-O Bxf3 8.
gxf3 e5 9. dxe5 dxe5 10. Qe3 Qe7 11. Bg5 Qe6 12. Nd5 Rc8 13. Bc4 Nxd5 14. exd5
Qd6 15. dxc6 Qxc6 16. Bd5 Qb5 17. Qd3 Qb6 18. Bxf7+ Kxf7 19. Qd7+ 1-0

[Event "GBR-ch108 Senior 50+"]
[Site "Torquay"]
[Date "2022.08.14"]
[Round "7.18"]
[White "Ingham, H William"]
[Black "Barton, R Alan"]
[Result "1-0"]
[WhiteElo "1842"]
[BlackElo "1926"]
[PlyCount "67"]
[EventDate "2022.08.08"]
[EventType "swiss"]
[EventRounds "7"]
[EventCountry "GBR"]

1. d4 e6 2. Nf3 a6 3. Bf4 b5 4. e3 Bb7 5. Nbd2 f5 6. Bd3 Nf6 7. Bg5 Be7 8. Bxf6
Bxf6 9. e4 O-O 10. c3 Qe8 11. Qc2 g6 12. O-O Nc6 13. Rfe1 fxe4 14. Nxe4 Ne7 15.
a4 b4 16. Ne5 Nd5 17. Nxf6+ Rxf6 18. Be4 bxc3 19. bxc3 d6 20. Rab1 dxe5 21.
Rxb7 Rd8 22. Bxd5 Rxd5 23. Rxe5 Rxe5 24. dxe5 Rf7 25. Qb3 Kg7 26. Qc4 Qe7 27.
g3 a5 28. Ra7 Qd7 29. Qd4 Qc6 30. Rxa5 Rd7 31. Rc5 Rxd4 32. Rxc6 Rxa4 33. Rxc7+
Kg8 34. c4 1-0